Welcome to the Holygrace Academy Library

Please use search bar below to get started

INVENTORS (Record no. 1873)

MARC details
000 -LEADER
fixed length control field 00281nam a22001337a 4500
020 ## - INTERNATIONAL STANDARD BOOK NUMBER
ISBN 1-8442-2666-2
082 ## - DEWEY DECIMAL CLASSIFICATION NUMBER
Classification number 823
Item number HOR/I
100 ## - MAIN ENTRY--AUTHOR NAME
Personal name HORSLEY LORRAINE
245 ## - TITLE STATEMENT
Title INVENTORS
260 ## - PUBLICATION, DISTRIBUTION, ETC. (IMPRINT)
Place of publication LONDON
Name of publisher LADY BIRD
300 ## - PHYSICAL DESCRIPTION
Number of Pages 29
650 ## - SUBJECT ADDED ENTRY--TOPICAL TERM
Topical Term ENGLISH SHORT STORY
Geographic subdivision UK
942 ## - ADDED ENTRY ELEMENTS (KOHA)
Koha item type Books
Holdings
Withdrawn status Lost status Collection code Home library Current library Shelving location Date acquired Source of acquisition Full call number Accession Number Koha item type
    Fiction Main Library Main Library SHELF 3- A- LADY BIRD STORY BOOKS 14/05/2014 PURCHASE 823 HOR/I 08950 Books
    Fiction Main Library Main Library SHELF 3- A- LADY BIRD STORY BOOKS 16/05/2014 PURCHASE 823 HOR/I 08983 Books